Lady Margot : romanzo /
में बचाया:
| मुख्य लेखक: | |
|---|---|
| स्वरूप: | पुस्तक |
| भाषा: | इतालवी |
| प्रकाशित: |
Milano :
Bompiani,
1961
|
| संस्करण: | 2. ed |
| श्रृंखला: | I delfini ;
101 |
| टैग: |
कोई टैग नहीं, इस रिकॉर्ड को टैग करने वाले पहले व्यक्ति बनें!
|
MARC
| LEADER | 00000nam a22000007i 4500 | ||
|---|---|---|---|
| 001 | IT\ICCU\RAV\0046904 | ||
| 003 | ItRI | ||
| 005 | 20260115232248.0 | ||
| 008 | 890531s1961 it |||||| ||||| |||||c | ||
| 040 | |b ita |c importazione bologna sebina | ||
| 041 | 7 | |a ita |2 ISO-639-2 | |
| 082 | |a 823.912 |9 NARRATIVA INGLESE. 1900-1945 |2 20 | ||
| 100 | 1 | |a Waugh, Evelyn |0 IT\ICCU\CFIV\000298 |4 aut | |
| 240 | 1 | 0 | |a Decline and fall |3 IT\ICCU\RAV\0046907 |9 Waugh, Evelyn |
| 245 | 1 | 0 | |a Lady Margot : |b romanzo / |c di Evelyn Waugh. |
| 250 | |a 2. ed | ||
| 260 | |a Milano : |b Bompiani, |c 1961 | ||
| 300 | |a 238 p. ; |c 21 cm | ||
| 500 | |a Trad. di Giovanni Fletzer. | ||
| 790 | 1 | |a Waugh, Evelyn A. |3 IT\ICCU\SBNV\006183 |z Waugh, Evelyn | |
| 830 | 2 | |a I delfini ; |v 101 |0 IT\ICCU\RAV\0033167 | |
| 942 | |2 ddc |c BK |n 0 | ||
| 952 | |0 0 |1 0 |4 0 |6 DOC_823_912000000000000_WAU |7 0 |9 23197 |a BO |b BO |d 2026-01-15 |i 3273 |l 0 |o DOC 823.912 WAU |p BO3273 |r 2026-01-15 23:22:48 |w 2026-01-15 |x [Sebina 5] [1 v.] |y BK |z 1 v. | ||
| 999 | |c 19782 |d 19782 | ||